000 00653nam a2200253Ia 4500
003 OSt
005 20220924124631.0
006 a|||||r|||| 00| 0
007 ta
008 220923b |||||||| |||| 00| 0 per d
020 _c12.00
024 _a254781
037 _cTextual
040 _aARTS
_cARTS
_bper
041 _2per
_aper
082 _aO164,1xL9, 168K8
100 _aZia Ahmad
_9196466
245 0 _aSiman zaar
260 _aNew Delhi
_b Sahitya Akademy India
_c1968
300 _a459p.
_ccm.
650 _aURDU LITERATURE
942 _hO164,1xL9, 168K8
_cTEXL
_2CC
999 _c420333
_d420333